[Event "European Youth Chess Championship B10"]
[Site "Prague, Top Hotel Prague"]
[Date "2016.08.21"]
[Round "4.31"]
[White "Creanga, Robert-Ionut"]
[Black "Pilar, Vit"]
[Result "1/2-1/2"]
[WhiteElo "1809"]
[BlackElo "1453"]
[PlyCount "81"]
[EventDate "2016.08.18"]

1. e4 e6 2. d4 d5 3. Nd2 c5 4. exd5 Qxd5 5. Ngf3 cxd4 6. Bc4 Qd6 7. O-O Nc6 8.
Nb3 Nf6 9. Nbxd4 Nxd4 10. Nxd4 Bd7 11. c3 Qc7 12. Bb3 O-O-O 13. Qe2 h5 14. Qc4
Qxc4 15. Bxc4 Bd6 16. Bg5 Rdg8 17. Rad1 Ne4 18. Be3 Bb8 19. Bb5 Bxb5 20. Nxb5
a6 21. Na3 Nf6 22. Nc4 Ng4 23. Nd6+ Bxd6 24. Rxd6 Nxe3 25. fxe3 Kc7 26. Rfd1
Rd8 27. Rxd8 Rxd8 28. Rxd8 Kxd8 29. Kf2 Kd7 30. e4 Kd6 31. Ke3 Kc5 32. Kd3 a5
33. a4 f6 34. b3 g5 35. Ke3 h4 36. Kf3 f5 37. exf5 exf5 38. Ke3 Kd5 39. Kd3 Ke5
40. Ke3 Kd5 41. Kd3 1/2-1/2

[Event "European Youth Chess Championship B10"]
[Site "Prague, Top Hotel Prague"]
[Date "2016.08.21"]
[Round "4.32"]
[White "Stefanou, Dimitrios"]
[Black "Levin, Guy"]
[Result "0-1"]
[WhiteElo "1439"]
[BlackElo "1774"]
[PlyCount "73"]
[EventDate "2016.08.18"]

1. d4 d5 2. Nf3 e6 3. c4 c6 4. cxd5 exd5 5. Nc3 Nf6 6. Bg5 Be7 7. e3 Bf5 8. Bd3
Bxd3 9. Qxd3 Nbd7 10. O-O O-O 11. Rac1 Rc8 12. h3 Ne8 13. Bxe7 Qxe7 14. Nxd5
Qd6 15. Nc3 f5 16. Rfd1 h6 17. Qe2 g5 18. a3 Nef6 19. Nh2 Rce8 20. Qf3 Rf7 21.
Qxf5 Nd5 22. Qd3 Ref8 23. Rf1 N7b6 24. Nxd5 Nxd5 25. Ng4 h5 26. Ne5 Rf6 27. Qb3
Qe6 28. Qxb7 Rc8 29. Qxa7 g4 30. hxg4 hxg4 31. Qd7 Qxd7 32. Nxd7 Rd6 33. Ne5 g3
34. Rfe1 Rb8 35. Re2 Rb3 36. Rxc6 Rxc6 37. Nxc6 0-1

[Event "European Youth Chess Championship B10"]
[Site "Prague, Top Hotel Prague"]
[Date "2016.08.21"]
[Round "4.33"]
[White "Tham, Nam"]
[Black "Unguroiu, Razvan-Marius"]
[Result "1-0"]
[WhiteElo "1698"]
[BlackElo "1450"]
[PlyCount "57"]
[EventDate "2016.08.18"]

1. e4 c5 2. Nf3 e6 3. d4 cxd4 4. Nxd4 Nf6 5. Nc3 a6 6. f3 Qc7 7. Be3 d6 8. Qd2
Be7 9. O-O-O Nbd7 10. g4 Ne5 11. h4 b5 12. Be2 Bb7 13. h5 h6 14. g5 hxg5 15.
Bxg5 Nc4 16. Bxc4 Qxc4 17. Kb1 Nxh5 18. Bxe7 Kxe7 19. Nf5+ exf5 20. Qxd6+ Ke8
21. exf5 Bxf3 22. Rhe1+ Be2 23. Nxe2 f6 24. Nf4+ Kf7 25. Re7+ Kg8 26. Ng6 Rh6
27. Qd8+ Rxd8 28. Rxd8+ Kh7 29. Rh8# 1-0

[Event "European Youth Chess Championship B10"]
[Site "Prague, Top Hotel Prague"]
[Date "2016.08.21"]
[Round "4.34"]
[White "Laux, Dominik"]
[Black "Rousis, Chrysostomos"]
[Result "1-0"]
[WhiteElo "1659"]
[BlackElo "1443"]
[PlyCount "157"]
[EventDate "2016.08.18"]

1. d4 Nf6 2. Nc3 e6 3. Bf4 Bb4 4. e3 Bxc3+ 5. bxc3 d6 6. Nf3 Nbd7 7. Be2 Qe7 8.
h3 O-O 9. O-O e5 10. Bh2 Re8 11. Nd2 Nf8 12. Re1 Nd5 13. Nb1 Qg5 14. dxe5 Nb6
15. exd6 Bxh3 16. Bg3 Bf5 17. dxc7 Re6 18. Bf3 Be4 19. Bxe4 Rxe4 20. Qf3 Rae8
21. Nd2 R4e7 22. Qxb7 Qa5 23. Nc4 Qc5 24. Qxa7 Qxc4 25. Qxb6 Qxc3 26. Qb3 Qc6
27. Red1 Ne6 28. Qd5 Qxd5 29. Rxd5 Nxc7 30. Bxc7 Rxc7 31. Rd2 Rec8 32. Rad1 f6
33. Rd8+ Rxd8 34. Rxd8+ Kf7 35. Rd2 Ra7 36. c4 Ke6 37. Kf1 Ra4 38. Rc2 Kd6 39.
Ke2 h5 40. Kf3 g5 41. Ke4 Ke6 42. Kd4 h4 43. Kc5 g4 44. f3 f5 45. Kb6 Rb4+ 46.
Kc7 Ke7 47. c5 gxf3 48. gxf3 h3 49. Rh2 Ra4 50. Rxh3 Rxa2 51. e4 fxe4 52. fxe4
Re2 53. Rb3 Rxe4 54. c6 Rc4 55. Kb7 Kd6 56. Rd3+ Kc5 57. c7 Rb4+ 58. Kc8 Rh4
59. Rb3 Rh8+ 60. Kb7 Rh7 61. Kb8 Rxc7 62. Kxc7 Kd5 63. Rb4 Kc5 64. Rh4 Kd5 65.
Kb6 Ke5 66. Kc5 Ke6 67. Rd4 Ke5 68. Kc4 Ke6 69. Rd5 Kf6 70. Kd4 Ke6 71. Ke4 Kf6
72. Re5 Kg6 73. Rf5 Kg7 74. Ke5 Kg6 75. Ke6 Kh7 76. Rg5 Kh6 77. Kf6 Kh7 78. Rg1
Kh8 79. Kf7 1-0

[Event "European Youth Chess Championship B10"]
[Site "Prague, Top Hotel Prague"]
[Date "2016.08.21"]
[Round "4.35"]
[White "Caliskan, Seha"]
[Black "Fatalizade, Murad"]
[Result "1-0"]
[WhiteElo "1645"]
[BlackElo "1440"]
[PlyCount "53"]
[EventDate "2016.08.18"]

1. d4 Nf6 2. Nf3 g6 3. Bg5 Bg7 4. Nbd2 d5 5. e3 c6 6. c3 O-O 7. Be2 Nbd7 8. O-O
Re8 9. b4 a5 10. a3 e5 11. Nb3 e4 12. Nfd2 a4 13. Nc5 b5 14. Qc2 Nf8 15. c4
bxc4 16. Nxa4 h6 17. Bxf6 Qxf6 18. Nc3 g5 19. b5 cxb5 20. Nxd5 Qd6 21. Nc3 Bd7
22. Ndxe4 Qe7 23. Nc5 Rab8 24. Rfb1 Ng6 25. Na6 Rb7 26. Bxc4 Ra7 27. Qxg6 1-0

[Event "European Youth Chess Championship B10"]
[Site "Prague, Top Hotel Prague"]
[Date "2016.08.21"]
[Round "4.36"]
[White "Eilenberg, Jonas"]
[Black "Kienboeck, Benjamin"]
[Result "1/2-1/2"]
[WhiteElo "1634"]
[BlackElo "1434"]
[PlyCount "69"]
[EventDate "2016.08.18"]

1. d4 d5 2. c4 e6 3. Nc3 Nf6 4. cxd5 exd5 5. Bg5 Be7 6. e3 O-O 7. Bd3 Re8 8.
Nf3 Nbd7 9. O-O b6 10. Rc1 Bb7 11. Bf4 c5 12. Nb5 c4 13. Bb1 Rf8 14. b3 Bc6 15.
Nc7 Rc8 16. bxc4 dxc4 17. d5 Rxc7 18. Bxc7 Qxc7 19. dxc6 Qxc6 20. Qc2 b5 21. e4
a6 22. e5 Nd5 23. Rfd1 N7b6 24. Nd4 Qd7 25. Re1 Bb4 26. e6 fxe6 27. Rxe6 Bc5
28. Re4 b4 29. Rh4 c3 30. Kh1 Qf7 31. Nf3 Be7 32. Rh3 Nf4 33. Rg3 Nh5 34. Rh3
Nf4 35. Rg3 1/2-1/2

[Event "European Youth Chess Championship B10"]
[Site "Prague, Top Hotel Prague"]
[Date "2016.08.21"]
[Round "4.38"]
[White "Sustek, Adam"]
[Black "Hlavina, Matous"]
[Result "0-1"]
[WhiteElo "1368"]
[BlackElo "1586"]
[PlyCount "62"]
[EventDate "2016.08.18"]

1. e4 e6 2. d4 d5 3. Bd3 c5 4. c3 Nc6 5. Nf3 Nf6 6. Qc2 c4 7. Be2 dxe4 8. Nfd2
b5 9. Nxe4 Bb7 10. Bf3 Nd5 11. b3 cxb3 12. axb3 b4 13. Bb2 bxc3 14. Bxc3 Nxc3
15. Nbxc3 Nxd4 16. Qd1 Nxf3+ 17. gxf3 Qxd1+ 18. Rxd1 Bb4 19. Ke2 O-O 20. Rd4 a5
21. Rd7 Ba6+ 22. Ke3 Rfd8 23. Rc7 Rd3+ 24. Kf4 Re8 25. Rg1 e5+ 26. Kf5 Bc8+ 27.
Kg5 Be7+ 28. Kh5 Rxf3 29. Ng3 Rf4 30. Rxe7 Rxe7 31. Nce4 g6+ 0-1

[Event "European Youth Chess Championship B10"]
[Site "Prague, Top Hotel Prague"]
[Date "2016.08.21"]
[Round "4.39"]
[White "Stevanovic, Jovan"]
[Black "Goncharenko, Oleksii"]
[Result "0-1"]
[WhiteElo "1584"]
[BlackElo "1418"]
[PlyCount "64"]
[EventDate "2016.08.18"]

1. c4 c6 2. Nc3 d5 3. d4 Nf6 4. Nf3 dxc4 5. g3 Bf5 6. Bg2 e6 7. Ne5 Nbd7 8.
Nxc4 Be7 9. O-O O-O 10. Bf4 Nd5 11. Qd2 Nxc3 12. bxc3 Nf6 13. f3 Nd5 14. e4
Nxf4 15. Qxf4 Bg6 16. Qe3 Rc8 17. Rad1 b5 18. Ne5 Bf6 19. f4 Bxe5 20. dxe5 Qb6
21. Rd4 h6 22. f5 Bh7 23. Bh3 exf5 24. exf5 Rfd8 25. f6 Rxd4 26. cxd4 Rd8 27.
Rf4 g5 28. Rg4 Bf5 29. Rxg5+ hxg5 30. Qxg5+ Bg6 31. Bg4 Qxd4+ 32. Kg2 Qd2+ 0-1

[Event "European Youth Chess Championship B10"]
[Site "Prague, Top Hotel Prague"]
[Date "2016.08.21"]
[Round "4.40"]
[White "Scurtu, Alexandr"]
[Black "Djurovic, Peko"]
[Result "1-0"]
[WhiteElo "1335"]
[BlackElo "1577"]
[PlyCount "43"]
[EventDate "2016.08.18"]

1. e4 c5 2. Nf3 Nc6 3. d4 cxd4 4. Nxd4 Nf6 5. Nc3 e5 6. Nxc6 bxc6 7. Bc4 Be7 8.
Be3 O-O 9. f3 Bb7 10. Bg5 Nxe4 11. Bxe7 Nxc3 12. Qd6 Qb6 13. bxc3 Qe3+ 14. Be2
Qxc3+ 15. Kf2 Rfe8 16. Bg5 Re6 17. Qxd7 e4 18. Qd2 Qe5 19. Bf4 Qf5 20. Rab1 e3+
21. Bxe3 Bc8 22. Qd8+ 1-0

[Event "European Youth Chess Championship B10"]
[Site "Prague, Top Hotel Prague"]
[Date "2016.08.21"]
[Round "4.43"]
[White "Vojic, Isak"]
[Black "Tobak, Mikhail"]
[Result "0-1"]
[WhiteElo "1519"]
[BlackElo "1315"]
[PlyCount "52"]
[EventDate "2016.08.18"]

1. e4 Nf6 2. e5 Nd5 3. c4 Nb6 4. d4 d6 5. exd6 cxd6 6. Nc3 g6 7. Be3 Bg7 8. Nf3
Nc6 9. Be2 Bg4 10. b3 d5 11. h3 Bxf3 12. Bxf3 dxc4 13. Bxc6+ bxc6 14. bxc4 c5
15. Ne2 O-O 16. Rc1 cxd4 17. Bxd4 Rc8 18. Bxg7 Kxg7 19. c5 Qxd1+ 20. Kxd1 Rfd8+
21. Ke1 Na4 22. c6 Rd6 23. Rc4 Nb6 24. Rc3 Rdxc6 25. Ra3 Rc1+ 26. Nxc1 Rxc1+
0-1

[Event "European Youth Chess Championship B10"]
[Site "Prague, Top Hotel Prague"]
[Date "2016.08.21"]
[Round "4.45"]
[White "Yudin, Yakov"]
[Black "Krupa, Miroslav"]
[Result "0-1"]
[WhiteElo "1407"]
[BlackElo "1808"]
[PlyCount "136"]
[EventDate "2016.08.18"]

1. e4 e5 2. Nf3 Nc6 3. d4 exd4 4. Nxd4 Bc5 5. Nb3 Bb6 6. Qe2 d6 7. Be3 Nf6 8.
Nc3 O-O 9. O-O-O Bxe3+ 10. Qxe3 Re8 11. f3 a6 12. g4 b5 13. h4 Be6 14. h5 Nd7
15. g5 Nb6 16. g6 h6 17. gxf7+ Bxf7 18. Qf4 Re5 19. Rg1 Rxh5 20. Rd2 Ne5 21.
Rdg2 Qf8 22. Qf6 Rg5 23. Rxg5 hxg5 24. Rxg5 Bxb3 25. Qxf8+ Rxf8 26. axb3 Nxf3
27. Rg3 Nd4 28. Bg2 b4 29. Rd3 c5 30. Nd5 Nxd5 31. exd5 Rf2 32. Rd2 Ne2+ 33.
Kd1 Rxg2 34. Rxe2 Rxe2 35. Kxe2 Kf7 36. Kf3 Kf6 37. Kf4 a5 38. c4 bxc3 39. bxc3
g5+ 40. Kg4 Kg6 41. c4 Kf6 42. Kg3 Kf5 43. Kf3 g4+ 44. Kg3 Kg5 45. Kg2 Kf4 46.
Kf2 g3+ 47. Kg1 Ke3 48. Kg2 Kd3 49. Kxg3 Kc3 50. Kf4 Kxb3 51. Kf5 a4 52. Ke6 a3
53. Kxd6 a2 54. Kxc5 a1=Q 55. d6 Qa5+ 56. Kc6 Kxc4 57. d7 Qd8 58. Kd6 Kd4 59.
Ke6 Kc5 60. Ke5 Qxd7 61. Ke4 Qd2 62. Ke5 Qe3+ 63. Kf5 Kd6 64. Kf6 Qf4+ 65. Kg7
Ke6 66. Kg8 Qc7 67. Kh8 Kf6 68. Kg8 Qg7# 0-1

[Event "European Youth Chess Championship B10"]
[Site "Prague, Top Hotel Prague"]
[Date "2016.08.21"]
[Round "4.47"]
[White "Werner, Hong Quan Dan"]
[Black "Juchelka, Marek"]
[Result "1-0"]
[WhiteElo "1586"]
[BlackElo "1362"]
[PlyCount "55"]
[EventDate "2016.08.18"]

1. e4 c5 2. Nf3 d6 3. d4 cxd4 4. Nxd4 g6 5. Nc3 Bg7 6. Be3 e6 7. Qd2 Ne7 8.
O-O-O a6 9. h4 b5 10. a3 b4 11. Nb1 bxa3 12. Nxa3 h6 13. h5 g5 14. f4 f6 15.
fxg5 fxg5 16. Bc4 d5 17. exd5 exd5 18. Nf3 Bb7 19. Bc5 Nbc6 20. Bxd5 Rb8 21.
Bxc6+ Nxc6 22. Qe2+ Kf7 23. Rxd8 Nxd8 24. Qe7+ Kg8 25. Re1 Nf7 26. Qc7 Kh7 27.
Qxf7 Rhg8 28. Bd4 1-0

[Event "European Youth Chess Championship B10"]
[Site "Prague, Top Hotel Prague"]
[Date "2016.08.21"]
[Round "4.48"]
[White "Sultanahmedov, Bulat"]
[Black "Graf, Simon"]
[Result "1-0"]
[WhiteElo "1356"]
[BlackElo "1527"]
[PlyCount "85"]
[EventDate "2016.08.18"]

1. e4 e5 2. Nf3 Nc6 3. Nc3 Nf6 4. d4 exd4 5. Nxd4 Bb4 6. Nxc6 bxc6 7. Bd3 d5 8.
exd5 cxd5 9. O-O O-O 10. Bg5 c6 11. Ne2 Bd6 12. h3 c5 13. c3 Rb8 14. b3 Re8 15.
Re1 h6 16. Bh4 Bc7 17. Bc2 Ba6 18. Qd2 Ba5 19. Bd3 Bxd3 20. Qxd3 d4 21. Red1
dxc3 22. Qf3 Qe7 23. Nxc3 g5 24. Bg3 Bxc3 25. Qxc3 Ne4 26. Qf3 Nxg3 27. fxg3
Qe3+ 28. Qxe3 Rxe3 29. Kf2 Rbe8 30. Re1 Rxe1 31. Rxe1 Rxe1 32. Kxe1 Kg7 33. Kd2
Kf6 34. Kc3 Ke5 35. Kc4 Kd6 36. g4 Kc6 37. a3 a6 38. Kd3 a5 39. Ke4 Kb5 40. Kd5
a4 41. bxa4+ Kb6 42. a5+ Kxa5 43. Kxc5 1-0

[Event "European Youth Chess Championship B10"]
[Site "Prague, Top Hotel Prague"]
[Date "2016.08.21"]
[Round "4.49"]
[White "Gotsiridze, Davit"]
[Black "Dias, Savin"]
[Result "1-0"]
[WhiteElo "1075"]
[BlackElo "1516"]
[PlyCount "117"]
[EventDate "2016.08.18"]

1. e4 c5 2. Nf3 d6 3. d4 cxd4 4. Nxd4 Nf6 5. Nc3 g6 6. Be3 Bg7 7. f3 O-O 8. Qd2
Nc6 9. O-O-O d5 10. Nxc6 bxc6 11. exd5 Nxd5 12. Nxd5 cxd5 13. Qxd5 Qc7 14. Qc5
Qb7 15. b3 Bf5 16. Bd3 Rfc8 17. Qa5 Bxd3 18. Rxd3 Qc6 19. Qd2 Bc3 20. Qe2 Rc7
21. Rhd1 Rcc8 22. Bd4 Bxd4 23. Rxd4 Qc3 24. Kb1 e5 25. Re4 Rc5 26. Qd3 Rac8 27.
Qxc3 Rxc3 28. Rd2 f6 29. Kb2 R8c7 30. Rd8+ Kg7 31. Rd7+ Kf8 32. Rxc7 Rxc7 33.
c4 Ke7 34. Re3 Ke6 35. Kc3 f5 36. b4 g5 37. c5 a5 38. a3 h5 39. Kc4 axb4 40.
axb4 g4 41. fxg4 f4 42. Ra3 hxg4 43. Ra6+ Kf5 44. b5 f3 45. gxf3 gxf3 46. b6
Rh7 47. c6 f2 48. Ra1 Rh4+ 49. Kc5 Rxh2 50. c7 Rh8 51. b7 e4 52. c8=Q+ Rxc8+
53. bxc8=Q+ Kf4 54. Kd4 e3 55. Qf8+ Kg3 56. Kxe3 f1=Q 57. Rxf1 Kh3 58. Rg1 Kh4
59. Qh8# 1-0

[Event "European Youth Chess Championship B10"]
[Site "Prague, Top Hotel Prague"]
[Date "2016.08.21"]
[Round "4.50"]
[White "Aliyev, Farid"]
[Black "Krasevec, Jan"]
[Result "1-0"]
[WhiteElo "1482"]
[BlackElo "1336"]
[PlyCount "61"]
[EventDate "2016.08.18"]

1. e4 c5 2. c3 d6 3. d4 cxd4 4. cxd4 Nf6 5. Nc3 e6 6. Bd3 a6 7. Nge2 Be7 8. O-O
O-O 9. f4 b5 10. a3 Bb7 11. Qc2 h6 12. Ng3 Qb6 13. Nce2 Nbd7 14. h3 Rac8 15.
Qb1 e5 16. fxe5 dxe5 17. Nf5 Bd8 18. Be3 exd4 19. Nexd4 Qc7 20. Bf4 Qb6 21. Be3
Qc7 22. Rc1 Qb8 23. Rxc8 Qxc8 24. Nd6 Qb8 25. Nf3 Be7 26. Nxb7 Qxb7 27. Qc2 Kh8
28. Qc1 Bc5 29. Kh1 Bxe3 30. Qxe3 Kh7 31. e5+ {Both scoresheets now give an
illegal Knight move.} 1-0

[Event "European Youth Chess Championship B10"]
[Site "Prague, Top Hotel Prague"]
[Date "2016.08.21"]
[Round "4.51"]
[White "Prieb, Robert"]
[Black "Andreev, Konstantin"]
[Result "1-0"]
[WhiteElo "1470"]
[BlackElo "1206"]
[PlyCount "52"]
[EventDate "2016.08.18"]

1. d4 d5 2. c4 c6 3. Nf3 Nf6 4. Nc3 Nbd7 5. e3 e6 6. Qc2 Be7 7. Be2 dxc4 8.
Bxc4 O-O 9. O-O b6 10. e4 Bb7 11. e5 Nd5 12. Nxd5 exd5 13. Bd3 h6 14. Be3 Rc8
15. Qd2 c5 16. Bxh6 cxd4 17. Bf4 Bc5 18. b4 Be7 19. Nxd4 a5 20. Qe2 g6 21. Qg4
Re8 22. Bxg6 fxg6 23. Qxg6+ Kh8 24. Qh6+ Kg8 25. Ne6 Bf8 26. Qg6+ Kh8 1-0

[Event "European Youth Chess Championship B10"]
[Site "Prague, Top Hotel Prague"]
[Date "2016.08.21"]
[Round "4.52"]
[White "Cerny, Michal"]
[Black "Korsinskij, Marek"]
[Result "1/2-1/2"]
[WhiteElo "1309"]
[BlackElo "1468"]
[PlyCount "123"]
[EventDate "2016.08.18"]

1. e4 c5 2. Nf3 e6 3. d4 cxd4 4. Nxd4 a6 5. Bc4 b5 6. Bb3 Qc7 7. O-O Bb7 8. f3
Bc5 9. Kh1 Nf6 10. c3 O-O 11. Re1 d6 12. Be3 Nbd7 13. Bc2 Rac8 14. Nb3 Bxe3 15.
Rxe3 Ne5 16. N1d2 Qb6 17. Re2 Rc7 18. Nc1 Rfc8 19. Nd3 Nc4 20. Rb1 Ne3 21. Qg1
Nc4 22. Nxc4 Qxg1+ 23. Kxg1 bxc4 24. Nf2 Bc6 25. e5 dxe5 26. Rxe5 Nd5 27. Ree1
Rb8 28. Be4 Rcb7 29. Bxd5 Bxd5 30. Re2 Rb5 31. Nd1 Ra5 32. Ra1 Kf8 33. Rd2 Ke7
34. Ne3 Rab5 35. Rb1 g6 36. Kf2 Rd8 37. Nxd5+ Rbxd5 38. Rxd5 Rxd5 39. Ke2 f5
40. b4 Re5+ 41. Kf2 Rd5 42. Ke2 Rd3 43. Rc1 g5 44. g3 h5 45. a4 e5 46. Rc2 g4
47. fxg4 hxg4 48. b5 axb5 49. axb5 Kd7 50. b6 Kc6 51. Rb2 Kb7 52. Rb5 Rxc3 53.
Rxe5 Rc2+ 54. Ke3 Rxh2 55. Rxf5 Rg2 56. Kd4 Rxg3 57. Kxc4 Kxb6 58. Rg5 Ra3 59.
Kd4 Kc6 60. Ke4 Kd6 61. Kf4 Ra4+ 62. Kg3 1/2-1/2

[Event "European Youth Chess Championship B10"]
[Site "Prague, Top Hotel Prague"]
[Date "2016.08.21"]
[Round "4.53"]
[White "Pistalovic, Slobodan"]
[Black "Guri, Adrian"]
[Result "1-0"]
[WhiteElo "1458"]
[BlackElo "1202"]
[PlyCount "161"]
[EventDate "2016.08.18"]

1. e4 c6 2. d4 d5 3. e5 g6 4. Nf3 Bg7 5. Nc3 Nh6 6. Bd3 O-O 7. O-O f6 8. exf6
exf6 9. Bf4 Nf7 10. Qd2 Bg4 11. Be2 Re8 12. h3 Bxf3 13. Bxf3 Qb6 14. a3 Nd7 15.
a4 a5 16. Bxd5 cxd5 17. Nxd5 Qc6 18. Nc7 Rac8 19. Nxe8 Rxe8 20. Rfe1 Rxe1+ 21.
Rxe1 Qxa4 22. b3 Qc6 23. Qxa5 Qxc2 24. Re8+ Bf8 25. Qd5 Qc6 26. Qxc6 bxc6 27.
Rc8 g5 28. Bg3 f5 29. f3 f4 30. Bf2 Nb6 31. Rxc6 Nd5 32. Rc8 Kg7 33. h4 h6 34.
g3 Nd6 35. Rc5 Nf6 36. hxg5 hxg5 37. Rxg5+ Kh6 38. gxf4 Nf7 39. Ra5 Bb4 40. Rb5
Bd2 41. Rc5 Bxf4 42. Rf5 Bg5 43. b4 Nd6 44. Ra5 Bd2 45. Ra4 Nd5 46. Kf1 Bxb4
47. Be1 Bxe1 48. Kxe1 Nf5 49. Ra5 Nfe7 50. Ke2 Kg5 51. Kd3 Kf4 52. Kc4 Nf6 53.
Ra6 Nfd5 54. Rd6 Ne3+ 55. Kd3 Kxf3 56. Rf6+ N7f5 57. d5 Nxd5 58. Rxf5+ Nf4+ 59.
Kd4 Kg4 60. Ke4 Nh5 61. Rf8 Ng3+ 62. Ke5 Kh3 63. Kf4 Nh5+ 64. Kf3 Kh4 65. Rg8
Kh3 66. Rg6 Kh4 67. Ke4 Ng3+ 68. Kf4 Nh5+ 69. Kf3 Kh3 70. Rg1 Kh2 71. Rg5 Nf6
72. Rf5 Ng8 73. Rh5+ Kg1 74. Rg5+ Kf1 75. Rxg8 Ke1 76. Rg2 Kf1 77. Re2 Kg1 78.
Rf2 Kh1 79. Rf1+ Kh2 80. Re1 Kh3 81. Rh1# 1-0

[Event "European Youth Chess Championship B10"]
[Site "Prague, Top Hotel Prague"]
[Date "2016.08.21"]
[Round "4.54"]
[White "Gres, Michal"]
[Black "Simon, Leonard"]
[Result "1-0"]
[WhiteElo "1452"]
[BlackElo "1135"]
[PlyCount "113"]
[EventDate "2016.08.18"]

1. e4 c5 2. Nf3 Nc6 3. d4 cxd4 4. Nxd4 g6 5. Nc3 Bg7 6. Nb3 Nf6 7. Be3 d6 8.
Be2 b6 9. Qd2 Bb7 10. Bh6 Bxh6 11. Qxh6 Ne5 12. Bb5+ Nfd7 13. Qg7 Rf8 14. f4
Ng4 15. Qd4 f5 16. h3 Nh6 17. e5 dxe5 18. fxe5 a6 19. Bxd7+ Qxd7 20. Qxd7+ Kxd7
21. O-O-O+ Ke6 22. Nd4+ Kxe5 23. Rhe1+ Kf6 24. Re6+ Kf7 25. Rxb6 Bxg2 26. Ne6
Rfb8 27. Ng5+ Kg8 28. Re6 Nf7 29. h4 Nxg5 30. hxg5 Kf7 31. Rde1 Ra7 32. R6e2
Bc6 33. Rh2 Kg7 34. Re6 Bb5 35. Re3 Rd8 36. Reh3 Rh8 37. Rh6 e5 38. Nd5 Bc4 39.
Nf6 Bg8 40. c4 Kf8 41. c5 Rc7 42. b4 a5 43. a3 e4 44. Kb2 axb4 45. axb4 Ra7 46.
Rh1 e3 47. c6 Rc7 48. b5 Bc4 49. Nd7+ Ke8 50. Rxh7 Rxh7 51. Rxh7 Bxb5 52. Nf6+
Kd8 53. Rh8+ Ke7 54. Nd5+ Kd6 55. Nxc7 e2 56. Nxb5+ Kxc6 57. Nd4+ 1-0

[Event "European Youth Chess Championship B10"]
[Site "Prague, Top Hotel Prague"]
[Date "2016.08.21"]
[Round "4.55"]
[White "Christodoulou, Panormitis"]
[Black "Ruggiero, Alessandro"]
[Result "1-0"]
[WhiteElo "1448"]
[BlackElo "1102"]
[PlyCount "55"]
[EventDate "2016.08.18"]

1. e4 c5 2. Nf3 e6 3. c3 a6 4. d4 cxd4 5. cxd4 d6 6. Nc3 Qc7 7. Be3 Nd7 8. Be2
Ngf6 9. h3 b5 10. a3 Bb7 11. Bd3 Be7 12. O-O O-O 13. Rc1 Rac8 14. Nxb5 Qb8 15.
Nc3 d5 16. e5 Ne4 17. Bxe4 dxe4 18. Nd2 f5 19. exf6 Nxf6 20. Qb3 Rfe8 21. Qxe6+
Kh8 22. Qb3 Rcd8 23. Nc4 Nd5 24. Ne5 Nxe3 25. Nf7+ Kg8 26. Nh6+ Kh8 27. Qg8+
Rxg8 28. Nf7# 1-0

[Event "European Youth Chess Championship B10"]
[Site "Prague, Top Hotel Prague"]
[Date "2016.08.21"]
[Round "4.57"]
[White "Korsinskij, Nikolas"]
[Black "Dieguez, Novoa Benjamin"]
[Result "1-0"]
[WhiteElo "1442"]
[BlackElo "1068"]
[PlyCount "39"]
[EventDate "2016.08.18"]

1. e4 c6 2. Nc3 e5 3. Nf3 d6 4. d4 Nd7 5. Be3 Ngf6 6. Qd2 Be7 7. h4 h5 8. Ng5
O-O 9. f3 Re8 10. g4 Nf8 11. gxh5 Nxh5 12. Rg1 Ng6 13. Bc4 Nxh4 14. Bxf7+ Kf8
15. Bxh5 g6 16. O-O-O gxh5 17. Ne6+ Bxe6 18. Bh6+ Kf7 19. Rg7+ Kf6 20. Qg5# 1-0

[Event "European Youth Chess Championship B10"]
[Site "Prague, Top Hotel Prague"]
[Date "2016.08.21"]
[Round "4.61"]
[White "Caputcuoglu, Zeki Berke"]
[Black "Burdot, Louis"]
[Result "1-0"]
[WhiteElo "1569"]
[BlackElo "1202"]
[PlyCount "77"]
[EventDate "2016.08.18"]

1. e4 e5 2. Nf3 Nf6 3. Nxe5 d6 4. Nf3 Nxe4 5. Nc3 Nxc3 6. dxc3 Be7 7. Be3 Nc6
8. Qd2 Be6 9. Bd3 Qd7 10. O-O-O O-O-O 11. Rhe1 h6 12. Bb5 a6 13. Ba4 Qe8 14.
Nd4 Bd7 15. Bxc6 Bxc6 16. Bf4 Bd7 17. Re3 Qf8 18. Rde1 Bf6 19. c4 Re8 20. Rxe8+
Bxe8 21. c5 g5 22. Bg3 Qg7 23. Nf5 Bxb2+ 24. Kb1 Qf6 25. Ne7+ Kb8 26. cxd6 cxd6
27. Qxd6+ Qxd6 28. Bxd6+ Ka7 29. Kxb2 Bd7 30. Nd5 Be6 31. Bc5+ Kb8 32. Nc3 Rc8
33. Bd4 Rc4 34. Be5+ Kc8 35. Rd1 Rc5 36. f4 gxf4 37. Bxf4 Rf5 38. Bxh6 Rf2 39.
Rd2 1-0

[Event "European Youth Chess Championship B10"]
[Site "Prague, Top Hotel Prague"]
[Date "2016.08.21"]
[Round "4.64"]
[White "Zlatkov, Anton"]
[Black "Richter, Rudolf"]
[Result "1-0"]
[WhiteElo "1196"]
[BlackElo "1262"]
[PlyCount "41"]
[EventDate "2016.08.18"]

1. e4 Nf6 2. e5 Nd5 3. d4 d6 4. Bc4 Nb6 5. Bb3 dxe5 6. Qh5 g6 7. Qxe5 Rg8 8.
Nf3 Bg7 9. Qe3 Nc6 10. c3 Bf5 11. O-O e6 12. Na3 Qd7 13. Nc4 Nd5 14. Qe2 O-O-O
15. a4 a6 16. a5 Rge8 17. Ba4 Re7 18. Nce5 Qd6 19. Bxc6 bxc6 20. Qxa6+ Kb8 21.
Nxc6+ 1-0

[Event "European Youth Chess Championship B10"]
[Site "Prague, Top Hotel Prague"]
[Date "2016.08.21"]
[Round "4.65"]
[White "Kanak, Matyas"]
[Black "Thoreux-Josso, Aaron"]
[Result "1-0"]
[WhiteElo "1222"]
[BlackElo "1124"]
[PlyCount "101"]
[EventDate "2016.08.18"]

1. e4 e5 2. Nf3 f5 3. Nxe5 Qf6 4. Nc4 fxe4 5. Nc3 Qg6 6. Qe2 Nf6 7. d3 d5 8.
Nd2 Bd7 9. dxe4 dxe4 10. Ndxe4 Be7 11. Nxf6+ Qxf6 12. Nd5 Qd6 13. Nxe7 Qxe7 14.
Qxe7+ Kxe7 15. Bd3 Kf7 16. O-O Re8 17. Bf4 Na6 18. Bxa6 bxa6 19. Rad1 Bf5 20.
c4 Rad8 21. Rxd8 Rxd8 22. Bxc7 Rc8 23. Be5 Rxc4 24. Bc3 Be6 25. h3 Re4 26. a3
Rc4 27. Re1 Rc5 28. Re4 g6 29. Rf4+ Ke7 30. Bb4 Kd6 31. Rf6 Ke5 32. Rxe6+ Kxe6
33. Bxc5 Kd5 34. Bxa7 Kc4 35. Kf1 a5 36. Ke2 a4 37. h4 h5 38. Ke3 Kb3 39. f3
Kxb2 40. Bc5 Kc3 41. Ke4 Kc4 42. Bb4 Kb5 43. g4 hxg4 44. fxg4 Kc6 45. Ke5 Kb5
46. h5 gxh5 47. gxh5 Kc4 48. h6 Kd3 49. h7 Ke3 50. h8=Q Kd3 51. Qh4 1-0

[Event "European Youth Chess Championship B10"]
[Site "Prague, Top Hotel Prague"]
[Date "2016.08.21"]
[Round "4.66"]
[White "Fava, Achille"]
[Black "Fleri, Luke"]
[Result "1-0"]
[WhiteElo "1364"]
[BlackElo "1145"]
[PlyCount "29"]
[EventDate "2016.08.18"]

1. e4 e5 2. Nf3 d6 3. Bc4 f5 4. d3 f4 5. Nc3 Nc6 6. h3 Qe7 7. Nd5 Qd8 8. Bd2
Nd4 9. Nxd4 exd4 10. Bxf4 Be6 11. Nxc7+ Qxc7 12. Bxe6 Qe7 13. Qh5+ g6 14. Qb5+
Kd8 15. Bd5 1-0

[Event "European Youth Chess Championship B10"]
[Site "Prague, Top Hotel Prague"]
[Date "2016.08.21"]
[Round "4.68"]
[White "Thorisson, Benedikt"]
[Black "Pilalis, Ernestos"]
[Result "0-1"]
[WhiteElo "1265"]
[BlackElo "1107"]
[PlyCount "72"]
[EventDate "2016.08.18"]

1. e4 c5 2. Nf3 Nc6 3. b3 Nf6 4. e5 Ng4 5. d4 cxd4 6. Bb2 Ngxe5 7. Bxd4 Nxf3+
8. gxf3 e6 9. Bb2 f6 10. Nc3 Bc5 11. Bc4 O-O 12. Qd2 d5 13. Bd3 Nb4 14. Rg1
Nxd3+ 15. Qxd3 Qb6 16. Qd2 Qd6 17. Qh6 Rf7 18. Nb5 Qb6 19. Bxf6 Bxf2+ 20. Kd1
Bxg1 21. Bxg7 Rxg7 22. Nc3 Qd4+ 23. Qd2 Qxd2+ 24. Kxd2 d4 25. Ne2 Be3+ 26. Kd3
b6 27. Nxd4 Bxd4 28. Kxd4 Bb7 29. Re1 Rg6 30. f4 Rf8 31. Rf1 Rh6 32. Rf2 Rh5
33. a4 e5+ 34. Ke3 exf4+ 35. Ke2 f3+ 36. Ke1 Rg5 0-1